00551nam a2200169 a 4500008004100000020001500041050001600056100002300072245006600095260004400161300002300205350000900228500005300237650001400290650005000304700002700354120416s1976 ||||||||||||||||| || u a0870941216 aHF 5635 Mod aEdwards, James Don14aThe modern accountant's handbookcedited by James Don Edwards aHomewood, [Ill.]bDow Jones-Irwinc1976 axxvi, 1203p.: ill. a0.00 aIncludes bibliographical references and indexes. aTEXTBOOKS aFINANCIAL STATEMENTS--HANDBOOKS, MANUALS, ETC aBlack, Homer A., 1923-